|
|
|
|
| LEADER |
01328nam a2200325 a 4500 |
| 001 |
000052863 |
| 003 |
CZ BrMZK |
| 005 |
20140416120052.0 |
| 007 |
ta |
| 008 |
010907s1995 xr f cze d |
| 015 |
|
|
|a cnb000111157
|
| 020 |
|
|
|a 80-85773-46-5
|
| 040 |
|
|
|a BOA001
|b cze
|
| 041 |
1 |
|
|a cze
|h ger
|
| 080 |
|
|
|a 830-311.3=850
|2 MRF
|
| 100 |
1 |
|
|a May, Karl,
|d 1842-1912
|7 jn19990005499
|4 aut
|
| 245 |
1 |
0 |
|a Quimbo :
|b povídka z Afriky a další-- /
|c Karel May ; [jazyková úprava Gustav Kadlec ; ilustrace Jan Henke ; překlad]
|
| 260 |
|
|
|a Praha :
|b Toužimský a Moravec,
|c 1995
|
| 300 |
|
|
|a 287 s. :
|b il. ;
|c 22 cm
|
| 490 |
1 |
|
|a Knihy Karla Maye. Velká řada ;
|v č. 7
|
| 500 |
|
|
|a Přeloženo z němčiny
|
| 700 |
1 |
|
|a Henke, Jan,
|d 1959-
|7 mzk2003194940
|4 ill
|
| 700 |
1 |
|
|a Kadlec, Gustav
|7 mzk2006377270
|4 oth
|
| 800 |
1 |
|
|a May, Karl,
|d 1842-1912.
|t Knihy (Toužimský & Moravec)
|0 s
|
| 856 |
4 |
1 |
|u http://www.digitalniknihovna.cz/mzk/uuid/uuid:1e735f60-c5ef-11e3-b110-005056827e51
|y Digitalizovaný dokument
|x NDK
|
| 910 |
|
|
|a BOA001
|b 2-1015.210
|b PK-0124.314
|
| 920 |
|
|
|a 000055296
|
| 990 |
|
|
|a BK
|
| 996 |
6 |
|
|b 2610029506
|c 2-1015.210
|l MZK
|r Sklad / do 1 hodiny
|n 0
|p p.v.
|w 000052863
|u 000010
|a 1
|e BOA001
|j MZK50
|s P
|
| 996 |
7 |
|
|b 3119002114
|c PK-0124.314
|l MZK
|r Sklad / do 1 hodiny
|n 3
|p kup
|w 000052863
|u 000020
|a 1
|e BOA001
|j MZK50
|s A
|